000 00996nam a22002531u 4500
001 12542
003 HDC
007 cr bn ---
008 210209p2005 my eng
040 _aHDC
100 _aChua, Hun Pin,
_eauthor
_912764
245 0 _aAnalisis nilai pemakanan dan komposisi kimia minyak pati herba ubatan Sarawak: kacangma (Leonurus sibiricus) /
_cby Chua Hun Pin, Fasihuddin Badruddin Ahmad, Aminah Abdullah dan Wong Mui Hung
260 _aSerdang :
_bMalaysian Agricultural Research and Development Institute (MARDI),
_c2005
300 _a1 page
336 _atext
_2rdacontent
337 _acomputer
_2rdamedia
338 _aonline resource
_2rdacarrier
650 _aEssential oil
_99179
650 _aLeonurus sibiricus
_912570
856 _zRequest full-text at [email protected]
942 _2lcc
942 _cAR
942 _kJART 003130
999 _c9865
_d9865